K príčinám ekonomickej krízy

Analýza príčin súčasnej ekonomickej krízy. Kríza vo finančnom sektore. Začiatok finančnej krízy ako takej - krach na hypotekárnom trhu USA.

Gespeichert in:
Bibliographische Detailangaben
1. Verfasser: Šturc, Boris, 1961-
Format: Buchkapitel
Sprache:Slowakisch
Schlagworte:
Tags: Tag hinzufügen
Keine Tags, Fügen Sie das erste Tag hinzu!

MARC

LEADER 00000nla$a2200000$$$4500
001 0090018
005 20240502072014.7
041 0 |a slo 
044 |a SK 
245 1 0 |a K príčinám ekonomickej krízy  |c Boris Šturc 
520 |a Analýza príčin súčasnej ekonomickej krízy. Kríza vo finančnom sektore. Začiatok finančnej krízy ako takej - krach na hypotekárnom trhu USA. 
610 2 0 |a kríza finančná 
610 2 0 |a úver hypotekárny 
610 2 0 |a hospodárstvo svetové 
610 2 0 |a USA 
610 2 0 |a úpadok hospodársky 
100 1 |a Šturc, Boris, 1961-